| 000 | 00683nam a2200241 a 4500 | ||
|---|---|---|---|
| 005 | 20210219153247.0 | ||
| 008 | 991125n 000 0 u | ||
| 035 | _aUPN01000086724 | ||
| 100 | _aNeumann, Anna | ||
| 222 | _aJOURNAL OF HIGHER EDUCATION | ||
| 245 | _aMaking mistakes : error and learning in the college presidency | ||
| 300 | _a386-407 | ||
| 362 | _a61, No. 4, 1990 | ||
| 505 | _aEnero 1991 | ||
| 653 | 0 | _aCAPACITACION EN EL TRABAJO | |
| 653 | 0 | _aMODELOS DE ERROR | |
| 653 | 0 | _aPAPEL DEL ADMINISTRADOR | |
| 653 | 0 | _aPRESIDENTE ESCOLAR | |
| 653 | 0 | _aRELACIONES INTERPROFESIONALES | |
| 653 | 0 | _aTNER DECISION | |
| 904 |
_aAC _b024535 |
||
| 905 | _aArticulo | ||
| 999 |
_c72390 _d72390 |
||